History Quiz

Random History or City Quiz

Italian City States in 1494 Quiz Stats

Quiz not verified by Sporcle

Challenge
Share
Tweet
Embed
Score 0/19 Timer 06:00
0 Plays Today
# City-State % Correct
4Papal States
94.2%
12Republic of Venice
92.7%
14Duchy of Milan
89%
6Republic of Florence
87.4%
3Kingdom of Naples (Aragon)
86.6%
11Republic of Genoa
79.6%
1Kingdom of Sicily (Aragon)
73.7%
2Sardinia (Aragon)
59.4%
5Republic of Siena
44%
13Duchy of Modena
33.8%
# City-State % Correct
17Duchy of Savoy
31.5%
9Duchy of Ferrara
28.3%
7Republic of Lucca
27.5%
10Marquisate of Mantua
27%
8Republic of San Marino
26%
19Republic of Ragusa
21.9%
18Bishopric of Trent
19.6%
15Marquisate of Montferrat
9.1%
16Marquisate of Saluzzo
7.2%

You're not logged in!

Compare scores with friends on all Sporcle quizzes.
Sign Up with Email
OR
Log In

You Might Also Like...

Show Comments

Extras

Top Quizzes Today


Score Distribution

Your Account Isn't Verified!

In order to create a playlist on Sporcle, you need to verify the email address you used during registration. Go to your Sporcle Settings to finish the process.